000 01607nam a22001457a 4500
008 121205t xxu||||| |||| 00| 0 eng d
050 _aReference
245 _aThe Church and the state in education in Nigeria. /
_cedited by G.A. Ojo
260 _aIbadan:
_bClavarianum Press,
300 _a119 p.:
_c21cm.
505 _aContents: The Church and the state in education - an overview: Most Rev. Francis A. Arinze -- Some historical aspects of church - state relationship in education: Rt. Rev. Brian D. Usanga -- The Basis for harmony and concord in church - state participation in education: Rt. Rev. Gregory Ochiagha -- Parental responsibilities for education: Dr. Ignatius Olusola Ajimoko -- Constitutional rights and responsibilities of the church for education: Rev. Dr. Justin S. Ukpong -- Current problems in church - State relationships in education: Chief M.S. Ibikunle -- Problems of church-state partnership education in non-christian areas: Mr. Matthew Otalike -- Socio-economic aspects of the future of church-state participation in education: Professor G.A. Ojo -- Political strains and stresses of the future of church-state participation in education: Dr. Ambrose Okeke -- The Future of church-state participation in education, consequences of a breakdown: Rev. Dr S.U. Etok -- Legal implications of breach of constitutional rights of educator in Nigeria: '' Legal adviser'' -- Memorandum of federal and state governments on the church and state in education: National laity council of Nigeria.
650 _bChurch and state
_xNigeria
_x Congresses
700 _aOjo, G.A.
942 _2lcc
_cBK
999 _c2636
_d10136